Statistics for Regions of Kazakhstan

Click here to take the quiz!

General Stats

  • This quiz has been taken 9 times
  • The average score is 14 of 18

Answer Stats

HintAnswer% Correct
cityAlmaty
100%
regionAlmaty
100%
cityNur-Sultan
100%
regionAktobe
89%
regionEast Kazakhstan
89%
regionNorth Kazakhstan
89%
regionWest Kazakhstan
89%
regionAkmola
78%
cityBaikonur
78%
regionKaraganda
78%
regionMangystau
78%
regionPavlodar
78%
regionAtyrau
67%
regionJambyl
67%
regionKostanay
67%
cityShymkent
67%
regionKyzylorda
56%
regionTurkistan
56%

Score Distribution

Percentile by Number Answered

Percent of People with Each Score

Your Score History

You have not taken this quiz